| 000 | 00611nam a22001937a 4500 | ||
|---|---|---|---|
| 005 | 20140425142548.0 | ||
| 010 | _aENG-109494 | ||
| 020 |
_c775.00 _a9788125051121 |
||
| 035 | _aEN-93027 | ||
| 037 | _bDBAD/PUB | ||
| 082 | _a332.491724 | ||
| 100 | _aSingh, Supriya | ||
| 245 | 0 | 0 |
_aGlobalization and money : _cby Supriya Singh _ba global south perspective / |
| 260 |
_aNew Delhi _bOrient Blakswan _c2014 |
||
| 270 |
_a1/24 Asaf Ali Road _bNew Delhi _e110002 |
||
| 300 |
_axix,226p. _c23cm(Hb) |
||
| 500 | _aIncludes bibliographical references and index | ||
| 942 |
_2ddc _cEN _mSIN _h332.491724 |
||
| 999 |
_c82823 _d82823 |
||